000 00623nam a2200205 4500
003 OSt
005 20260601170956.0
008 260506b\\\\\\\\||||||||\||||\00|\0\eng\d
020 _a9781564969798
040 _cICI
_aICI
_bspa
050 _aZ246
_b.S63
100 1 _aPriest, Robert
_930581
245 1 _aThe Society of Publication Designers 38th Publication Design Annual
_c;Peter B. Cury, Remma Shapiro
264 _bRockport Publishers
_c2003
_aEstados Unidos de America
300 _a272 páginas
336 _atexto
_2rdacontent
337 _asin medio
_2rdamedia
338 _avolumen
_2rdacarrier
942 _2ddc
_cB
_n1
999 _c19836
_d19836